Statistics for Gissa språket #8

Click here to take the quiz!

General Stats

  • This quiz has been taken 26 times
  • The average score is 2 of 10

Answers on the Map

Answers color-coded by a green-red scale on the quiz's map according to % correct below.
 

Answer Stats

Språk% Correct
Svenska
88%
Forn{egyptiska}
46%
Azerbajdzjanska
15%
Tagalog
15%
Ur{indoeuropeiska}
15%
Cherokesiska
4%
Klassisk {taíno}
4%
Sandawe
4%
Tokelauanska
4%
Xerénte
0%

Score Distribution

Percentile by Number Answered

Percent of People with Each Score

Your Score History

You have not taken this quiz